[Event "open2018"]
[Site "?"]
[Date "2018.07.15"]
[Round "3.7"]
[White "Lindam, Tngo"]
[Black "Froeyman, Helmut"]
[Result "0-1"]
[WhiteElo "2117"]
[BlackElo "2290"]
[PlyCount "66"]
[EventDate "2018.??.??"]

1. d4 f5 2. e4 fxe4 3. Nc3 Nf6 4. Bg5 Nc6 5. d5 Ne5 6. Qe2 Nf7 7. h4 c6 8.
O-O-O cxd5 9. Bxf6 gxf6 10. Nxd5 e6 11. Qxe4 Bh6+ 12. Kb1 O-O 13. Bd3 f5 14.
Qf3 Kh8 15. Qh5 d6 16. Nf3 exd5 17. Ng5 Qf6 18. Rde1 Ne5 19. f4 Nxd3 20. cxd3
Bd7 21. Re2 Be8 22. Qf3 Bf7 23. Rhe1 Rae8 24. Rxe8 Rxe8 25. Rxe8+ Bxe8 26. Qe3
Bc6 27. Qxa7 Bf8 28. Qb8 h6 29. Nf3 Kh7 30. Qc8 Bg7 31. d4 Qf7 32. b4 Kg6 33.
Qd8 Qe6 0-1

[Event "open2018"]
[Site "?"]
[Date "2018.07.15"]
[Round "3.9"]
[White "Lammens, Tim"]
[Black "Verhaeren, Gertjan"]
[Result "1/2-1/2"]
[WhiteElo "2293"]
[BlackElo "2104"]
[PlyCount "95"]
[EventDate "2018.??.??"]

1. Nf3 Nf6 2. g3 g6 3. b3 Bg7 4. Bb2 O-O 5. Bg2 d6 6. d4 c5 7. O-O cxd4 8. Nxd4
d5 9. c4 e5 10. Nc2 dxc4 11. Bxe5 cxb3 12. axb3 Nc6 13. Bb2 Be6 14. Nd4 Bd5 15.
Nxc6 bxc6 16. Qc2 Bxg2 17. Kxg2 Qd5+ 18. Kg1 Rfb8 19. Ra3 Ne4 20. Bxg7 Kxg7 21.
Rc1 Rb6 22. f3 Qd4+ 23. Kh1 Nf6 24. Qc5 Qb2 25. Qc2 Qd4 26. Nc3 Nd5 27. Ra4
Qxc3 28. Qxc3+ Nxc3 29. Rxc3 Re8 30. Ra2 h5 31. Rd3 Re7 32. Kg2 Reb7 33. Ra3
Rb4 34. Kf2 c5 35. Rc3 Kf6 36. e4 h4 37. gxh4 Ke6 38. Ke3 f5 39. Rxc5 Rxb3+ 40.
Rxb3 Rxb3+ 41. Kf4 fxe4 42. fxe4 Rh3 43. Rc6+ Kd7 44. Rxg6 Rxh4+ 45. Ke5 Rxh2
46. Rg7+ Ke8 47. Rxa7 Rh6 48. Kd4 1/2-1/2

[Event "open2018"]
[Site "?"]
[Date "2018.07.15"]
[Round "3.10"]
[White "Bottema, Martin"]
[Black "Hamblok, Roel"]
[Result "1/2-1/2"]
[WhiteElo "2111"]
[BlackElo "2286"]
[PlyCount "61"]
[EventDate "2018.??.??"]

1. d4 Nf6 2. c4 c5 3. d5 e5 4. Nc3 d6 5. e4 Be7 6. g3 Nbd7 7. Bg2 a6 8. a4 O-O
9. Nge2 Re8 10. O-O Nf8 11. f4 exf4 12. gxf4 Ng6 13. Ng3 Nh4 14. Bh1 Bg4 15.
Qd3 Nd7 16. Re1 g5 17. e5 gxf4 18. Bxf4 Ng6 19. exd6 Nxf4 20. dxe7 Rxe7 21. Qd2
Rxe1+ 22. Rxe1 Qg5 23. Nce4 Nh3+ 24. Kf1 Qg6 25. Nf2 h5 26. Nxh3 Bxh3+ 27. Bg2
Bg4 28. h3 h4 29. hxg4 hxg3 30. Qf4 Nf6 31. Qxg3 1/2-1/2

[Event "open2018"]
[Site "?"]
[Date "2018.07.15"]
[Round "3.11"]
[White "Foisor, Sabina"]
[Black "Verhelst, Joris"]
[Result "1-0"]
[WhiteElo "2285"]
[BlackElo "2098"]
[PlyCount "101"]
[EventDate "2018.??.??"]

1. d4 d5 2. c4 e6 3. Nf3 Nf6 4. Bg5 Be7 5. Qc2 O-O 6. e3 b6 7. Nc3 c5 8. cxd5
Nxd5 9. Bxe7 Qxe7 10. a3 Nd7 11. Bd3 h6 12. O-O Bb7 13. Nxd5 Bxd5 14. Qe2 cxd4
15. Nxd4 Nc5 16. Bc2 Rac8 17. Rfd1 Rfd8 18. e4 Bb7 19. b4 Ba6 20. Qe3 Nd7 21.
e5 Nb8 22. Qe4 g6 23. Qe3 Nc6 24. Nxc6 Rxc6 25. Rxd8+ Qxd8 26. Rd1 Qc7 27. Be4
Rc4 28. Bxg6 fxg6 29. Qxh6 Rg4 30. h3 Be2 31. hxg4 Bxd1 32. Qxg6+ Kh8 33. Qh6+
Qh7 34. Qf6+ Qg7 35. Qd8+ Kh7 36. Qxd1 Qxe5 37. Qd3+ Kg7 38. g3 a5 39. Qe3 Qd6
40. bxa5 bxa5 41. Qg5+ Kh7 42. Qxa5 Qd1+ 43. Kg2 Qxg4 44. Qc7+ Kg6 45. Qf4 Qe2
46. a4 e5 47. Qe3 Qc4 48. Qxe5 Qxa4 49. Qe6+ Kg7 50. Qe7+ Kg8 51. Qg5+ 1-0

[Event "open2018"]
[Site "?"]
[Date "2018.07.15"]
[Round "3.12"]
[White "Willemsma, Abe"]
[Black "Muradet Casadevall, Albert"]
[Result "1/2-1/2"]
[WhiteElo "2098"]
[BlackElo "2148"]
[PlyCount "121"]
[EventDate "2018.??.??"]

1. e4 Nf6 2. e5 Nd5 3. d4 d6 4. Nf3 Bg4 5. Be2 e6 6. O-O Be7 7. c4 Nb6 8. exd6
cxd6 9. Nc3 O-O 10. Be3 d5 11. b3 Nc6 12. c5 Nc8 13. b4 Bf6 14. b5 Na5 15. Rc1
Ne7 16. Bg5 Nf5 17. Bxf6 Qxf6 18. Ne5 Bxe2 19. Nxe2 Qd8 20. Re1 a6 21. a4 f6
22. Nf3 axb5 23. axb5 Qd7 24. Nf4 Rfe8 25. Qd3 Nc4 26. h3 Ra3 27. Rc3 Rxc3 28.
Qxc3 Qxb5 29. Rxe6 Rxe6 30. Nxe6 Kf7 31. Nf4 Qb1+ 32. Kh2 Qe4 33. g3 Nce3 34.
Ne1 Nd1 35. Qf3 Qxf3 36. Nxf3 Ne7 37. Kg2 Nc3 38. Kf1 Nc6 39. Ke1 Na4 40. Nxd5
Ke6 41. Ne3 Nb4 42. Kd2 b6 43. cxb6 Nxb6 44. Kc3 Nc6 45. Nd2 Nd5+ 46. Kd3 h5
47. Ne4 Nce7 48. Nc5+ Kd6 49. h4 f5 50. Nc4+ Kc6 51. Ne6 Nb4+ 52. Kc3 Nbd5+ 53.
Kb3 g6 54. Ne5+ Kd6 55. Nf8 f4 56. Nfxg6 fxg3 57. fxg3 Nf5 58. Kc4 Nxg3 59.
Nf7+ Ke6 60. Ng5+ Kd6 61. Nf7+ 1/2-1/2

[Event "Eastman Gent Open 2018"]
[Site "KGSRL Gent"]
[Date "2018.07.15"]
[Round "4.1"]
[White "Hunhdorf, Arnold"]
[Black "Moradiabadi, Elshan"]
[Result "0-1"]
[WhiteElo "2234"]
[BlackElo "2538"]
[PlyCount "94"]
[EventDate "2018.??.??"]

1. d4 e6 2. c4 g6 3. g3 Bg7 4. Bg2 Ne7 5. Nf3 O-O 6. O-O d5 7. Nc3 Nbc6 8. cxd5
exd5 9. Bf4 Bg4 10. Ne5 Nxe5 11. Bxe5 f6 12. Bf4 c6 13. Qb3 Qb6 14. Bd6 Rfe8
15. Bc5 Qxb3 16. axb3 b6 17. Bxe7 Rxe7 18. Nxd5 Rxe2 19. Ne3 Bd7 20. d5 c5 21.
d6 Rd8 22. Rxa7 f5 23. Rfa1 Bd4 24. Rb7 Be6 25. Re7 Bxb3 26. Nxf5 Bxf2+ 27. Kf1
Rd2 28. Ne3 Rf8 29. Ra8 Bxe3+ 30. Rxf8+ Kxf8 31. Rxe3 Bc4+ 32. Ke1 Rxd6 33. Rc3
Bf7 34. Bf1 Rd4 35. b3 Ke7 36. Bc4 Bxc4 37. bxc4 Kd6 38. Ke2 Kc6 39. Ke3 h5 40.
Rc1 g5 41. Rc2 h4 42. gxh4 gxh4 43. Rc1 h3 44. Rc2 b5 45. cxb5+ Kxb5 46. Rf2
Kc4 47. Rc2+ Kb4 0-1

[Event "Eastman Gent Open 2018"]
[Site "KGSRL Gent"]
[Date "2018.07.15"]
[Round "4.2"]
[White "Malakhatko, Vadim"]
[Black "Guelsen, Taylan"]
[Result "1-0"]
[WhiteElo "2499"]
[BlackElo "2180"]
[PlyCount "101"]
[EventDate "2018.??.??"]

1. c4 e5 2. e3 Nf6 3. Nc3 Bb4 4. Nge2 c6 5. a3 Ba5 6. b4 Bc7 7. d4 O-O 8. d5 d6
9. g3 a5 10. Bb2 axb4 11. axb4 Rxa1 12. Qxa1 cxd5 13. cxd5 Na6 14. Ba3 Bf5 15.
Bg2 Qd7 16. O-O h5 17. b5 Nb8 18. Bb4 Bb6 19. Qa3 Rd8 20. Na4 Qxb5 21. Nec3 Qa6
22. Bxd6 Nbd7 23. Nxb6 Qxa3 24. Bxa3 Nxb6 25. e4 Bc8 26. Rc1 Ne8 27. Be7 Rd7
28. Bc5 Na8 29. Nb5 b6 30. Bb4 Ba6 31. Bf1 Nac7 32. Nxc7 Rxc7 33. Rxc7 Nxc7 34.
Bd6 Bxf1 35. Kxf1 Nb5 36. Bxe5 f6 37. Bb2 Nd6 38. f3 Nc4 39. Bd4 b5 40. Ke2 Kf7
41. Kd3 Ke7 42. Bc5+ Kd7 43. f4 g6 44. Bb4 g5 45. Kd4 h4 46. fxg5 hxg3 47. hxg3
fxg5 48. e5 g4 49. e6+ Kc7 50. Kc5 Nd6 51. Ba5+ 1-0

[Event "Eastman Gent Open 2018"]
[Site "KGSRL Gent"]
[Date "2018.07.15"]
[Round "4.3"]
[White "Kok, Cas"]
[Black "Docx, Stefan"]
[Result "0-1"]
[WhiteElo "2031"]
[BlackElo "2450"]
[PlyCount "108"]
[EventDate "2018.??.??"]

1. d4 Nf6 2. c4 e6 3. Nc3 Bb4 4. Qc2 d5 5. cxd5 exd5 6. Bg5 h6 7. Bh4 c5 8.
dxc5 O-O 9. e3 Be6 10. Bd3 Nc6 11. Nf3 d4 12. exd4 Nxd4 13. Nxd4 Qxd4 14. Bxf6
Qxf6 15. O-O Bxc3 16. Qxc3 Qxc3 17. bxc3 Rfc8 18. Be4 Rxc5 19. Rfb1 Rxc3 20.
Rxb7 Ra3 21. Rc1 Rd8 22. f4 g6 23. h3 Rxa2 24. Rc6 Ra4 25. Bxg6 Bd5 26. Bxf7+
Bxf7 27. Rcc7 Rxf4 28. Rxa7 Rd2 29. Ra3 Rf6 30. Rg3+ Kf8 31. Rcc3 Rb2 32. Rce3
Bd5 33. Re1 Kf7 34. Rf1 Rxf1+ 35. Kxf1 Kf6 36. Kg1 Rb8 37. Rc3 Rb2 38. Rg3 Kf5
39. Rg7 Rd2 40. Rg3 Be4 41. Rg8 Kf4 42. Rg4+ Kf5 43. Rg8 Rc2 44. Rg7 Rc6 45.
Rg8 Kf4 46. Rb8 Rd6 47. Rb3 Rg6 48. Rb2 Rc6 49. Rb8 h5 50. Rb5 h4 51. Rb8 Rg6
52. Rb2 Rd6 53. Rb8 Kg3 54. Rg8+ Bg6 0-1

[Event "Eastman Gent Open 2018"]
[Site "KGSRL Gent"]
[Date "2018.07.15"]
[Round "4.4"]
[White "Froeyman, Helmut"]
[Black "Roos, David"]
[Result "1-0"]
[WhiteElo "2290"]
[BlackElo "2142"]
[PlyCount "69"]
[EventDate "2018.??.??"]

1. e4 c5 2. Nf3 d6 3. d4 cxd4 4. Nxd4 Nf6 5. Nc3 a6 6. Be2 e5 7. Nb3 Be6 8. f4
Qc7 9. g4 exf4 10. g5 Nfd7 11. Bxf4 Ne5 12. Qd2 Nbc6 13. O-O-O b5 14. Nd5 Qb7
15. Kb1 Rc8 16. h4 Nc4 17. Bxc4 bxc4 18. Na5 Nxa5 19. Qxa5 Rc5 20. Qc3 Rg8 21.
Rhe1 Kd7 22. Be3 Rc6 23. Rd4 Qb5 24. Red1 Be7 25. Bf4 Rd8 26. e5 Bxd5 27. Rxd5
Rc5 28. Rxc5 Qxc5 29. exd6 Bf8 30. Qh3+ Kc6 31. Qf3+ Kd7 32. Qb7+ Ke6 33. Re1+
Kf5 34. Qe4+ Kg4 35. Be3+ 1-0

[Event "Eastman Gent Open 2018"]
[Site "KGSRL Gent"]
[Date "2018.07.15"]
[Round "4.5"]
[White "Scheermeijer, Paul"]
[Black "Foisor, Sabina"]
[Result "0-1"]
[WhiteElo "1877"]
[BlackElo "2285"]
[PlyCount "80"]
[EventDate "2018.??.??"]

1. e4 c6 2. d3 d5 3. Nd2 g6 4. Ngf3 Bg7 5. g3 Bg4 6. Bg2 e5 7. h3 Be6 8. O-O d4
9. Nc4 f6 10. a4 Ne7 11. Nh2 b5 12. Na3 Qd7 13. h4 O-O 14. f4 a6 15. Bd2 exf4
16. gxf4 f5 17. Bb4 Ra7 18. Qd2 Re8 19. Bc5 Rb7 20. Nf3 Kh8 21. a5 Ng8 22. Rae1
fxe4 23. dxe4 Rd8 24. Ng5 h6 25. Nf3 Qe8 26. f5 Bf7 27. Qf2 d3 28. c3 Nd7 29.
Bd4 Ne5 30. Rd1 b4 31. Nxe5 Bxe5 32. fxg6 Bb3 33. Bxe5+ Qxe5 34. Nb1 Bxd1 35.
Rxd1 bxc3 36. Nxc3 Qxa5 37. Nd5 cxd5 38. Qd4+ Rg7 39. Rf1 dxe4 40. Qxe4 Qb6+
0-1

[Event "Eastman Gent Open 2018"]
[Site "KGSRL Gent"]
[Date "2018.07.15"]
[Round "4.6"]
[White "Vandelacluze, Ian"]
[Black "Michiels, Bart"]
[Result "0-1"]
[WhiteElo "2174"]
[BlackElo "2554"]
[PlyCount "112"]
[EventDate "2018.??.??"]

1. e4 d6 2. d4 Nf6 3. Nc3 e5 4. Nf3 Nbd7 5. Bc4 Be7 6. O-O O-O 7. a4 a5 8. h3
Nb6 9. Bb3 exd4 10. Nxd4 Nfd7 11. Nd5 Nxd5 12. Bxd5 c6 13. Ba2 Nc5 14. Qf3 Nxa4
15. Rd1 Nc5 16. Bf4 Be6 17. Nf5 Bxf5 18. exf5 d5 19. c4 d4 20. Be5 d3 21. Bb1
Bf6 22. Qe3 Bxe5 23. Qxe5 Qb6 24. Bxd3 f6 25. Qc3 Qb4 26. Qxb4 axb4 27. Rxa8
Rxa8 28. Bb1 b3 29. Kf1 Ra4 30. Rc1 Ra1 31. Ke2 Ra2 32. Bxa2 bxa2 33. Rd1 Nb3
34. Kd3 a1=Q 35. Rxa1 Nxa1 36. Kc3 b5 37. cxb5 cxb5 38. b4 Kf7 39. Kb2 Ke7 40.
Kxa1 Kd6 41. Kb2 Kd5 42. Kc3 Ke4 43. h4 h5 44. g3 Kf3 45. Kd4 Kxf2 46. Kc5 Kxg3
47. Kxb5 Kxh4 48. Kc4 Kg4 49. b5 h4 50. b6 h3 51. b7 h2 52. b8=Q h1=Q 53. Qa7
Qe4+ 54. Kc3 Qf3+ 55. Kc4 Qf4+ 56. Kc3 Qg3+ 0-1

[Event "Eastman Gent Open 2018"]
[Site "KGSRL Gent"]
[Date "2018.07.15"]
[Round "4.7"]
[White "Epishin, Vladimir"]
[Black "Schelvis, Richard"]
[Result "1-0"]
[WhiteElo "2541"]
[BlackElo "2100"]
[PlyCount "117"]
[EventDate "2018.??.??"]

1. d4 d5 2. c4 c6 3. e3 Nf6 4. Nc3 Bf5 5. cxd5 cxd5 6. Qb3 Nc6 7. Qxb7 Bd7 8.
Qb3 Rb8 9. Qd1 e5 10. Nf3 Bd6 11. dxe5 Nxe5 12. Be2 O-O 13. O-O Nxf3+ 14. Bxf3
Qc7 15. h3 Rfd8 16. a4 Bc6 17. Ne2 Qe7 18. g3 Ne4 19. Nd4 Bd7 20. Bg2 Rb6 21.
a5 Rbb8 22. b3 Bb4 23. Qh5 Bc3 24. Ra2 Bxd4 25. exd4 Bb5 26. Ba3 Qf6 27. Re1
Qxd4 28. Re3 Nc3 29. Bb2 Qd1+ 30. Qxd1 Nxd1 31. Re1 Nxb2 32. Rxb2 Bc4 33. Reb1
Bd3 34. Rd1 Bc4 35. b4 Kf8 36. Bf1 Bxf1 37. Kxf1 a6 38. Rc1 Ke7 39. Ke2 Kd6 40.
Kd3 Rdc8 41. Rxc8 Rxc8 42. b5 axb5 43. Rxb5 Rc4 44. Rb7 Ke6 45. a6 Ra4 46. a7
g5 47. Kc3 d4+ 48. Kb3 Ra1 49. Kc4 Ra4+ 50. Kb5 Ra1 51. Rb6+ Kd5 52. Ra6 Rb1+
53. Ka5 Kc5 54. Rc6+ Kd5 55. Rc8 Ra1+ 56. Kb6 d3 57. a8=Q+ Rxa8 58. Rxa8 Ke4
59. Kc5 1-0

[Event "Eastman Gent Open 2018"]
[Site "KGSRL Gent"]
[Date "2018.07.15"]
[Round "4.8"]
[White "Sarrau, Jelle"]
[Black "Vermaat, Marcel"]
[Result "1-0"]
[WhiteElo "2366"]
[BlackElo "2138"]
[PlyCount "73"]
[EventDate "2018.??.??"]

1. Nf3 c5 2. g3 g6 3. Bg2 Bg7 4. O-O Nc6 5. e4 Nf6 6. Re1 O-O 7. c3 d6 8. h3
Rb8 9. d4 Qc7 10. Bf4 e5 11. dxe5 dxe5 12. Bg5 h6 13. Bxf6 Bxf6 14. Nbd2 Be6
15. Nf1 Rfd8 16. Qe2 b5 17. Qe3 c4 18. Qxh6 b4 19. Ne3 Bg7 20. Qg5 Ne7 21. Bf1
f6 22. Qh4 Kf7 23. g4 Rh8 24. Qg3 g5 25. Nd4 Bd7 26. Rad1 bxc3 27. bxc3 Ng6 28.
Nd5 Qc5 29. Nf5 Bc6 30. Bxc4 Bf8 31. Qd3 Bb5 32. Bxb5 Rxb5 33. Rb1 Rxb1 34.
Rxb1 Nf4 35. Nxf4 gxf4 36. Qd7+ Kg6 37. Rb7 1-0

[Event "Eastman Gent Open 2018"]
[Site "KGSRL Gent"]
[Date "2018.07.15"]
[Round "4.9"]
[White "Iolis, Oleg"]
[Black "Abolianin, Arthur"]
[Result "0-1"]
[WhiteElo "2151"]
[BlackElo "2327"]
[PlyCount "162"]
[EventDate "2018.??.??"]

1. e4 g6 2. d4 Nf6 3. Nc3 c6 4. Be3 d6 5. f3 Qb6 6. Qc1 Nbd7 7. a4 Qa5 8. Nh3
h6 9. Be2 Bg7 10. O-O Nf8 11. Nf2 e5 12. dxe5 dxe5 13. Nd3 Ne6 14. b4 Qc7 15.
a5 Nd4 16. Bd1 Be6 17. Na4 Rd8 18. Rf2 Nd7 19. c3 Nb5 20. Nac5 Nxc5 21. Nxc5
Bc4 22. Bb3 Nd6 23. Rd2 b6 24. axb6 axb6 25. Rxd6 Qxd6 26. Bxc4 bxc5 27. Bxc5
Qb8 28. Ra7 Rd7 29. Rxd7 Kxd7 30. Qd1+ Ke8 31. Qa4 Qb7 32. b5 Bf8 33. Be3 cxb5
34. Bxb5+ Ke7 35. c4 Kf6 36. c5 Be7 37. c6 Qc7 38. h3 Bd6 39. Ba6 Ra8 40. Qb5
g5 41. Kh2 Qe7 42. Bb6 Kg7 43. Qc4 Qf6 44. c7 Bxc7 45. Bxc7 Rxa6 46. Qc3 Qf4+
47. Kg1 Re6 48. Kf2 Qf6 49. Qa5 Qe7 50. Bb6 Qd7 51. Be3 f6 52. Kg3 Qb7 53. h4
Qf7 54. Kg4 Qd7 55. Kg3 Re8 56. h5 Rb8 57. Qc5 Rb2 58. Qc3 Re2 59. Bb6 Qf7 60.
Qc7 Qxc7 61. Bxc7 Rc2 62. Bb8 Kf7 63. Bd6 Rd2 64. Bb4 Rb2 65. Bc5 Rc2 66. Bb4
Rc8 67. Kg4 Ke6 68. Ba3 Ra8 69. Bb4 Ra4 70. Bf8 f5+ 71. Kg3 fxe4 72. fxe4 Rxe4
73. Bxh6 Kf5 74. Bg7 Rh4 75. h6 e4 76. Kf2 Rh1 77. Ke3 g4 78. Bf8 Rh2 79. Bg7
g3 80. Kd4 Rxg2 81. h7 Rh2 0-1

[Event "Eastman Gent Open 2018"]
[Site "KGSRL Gent"]
[Date "2018.07.15"]
[Round "4.10"]
[White "Becx, Cesar"]
[Black "Lammens, Tim"]
[Result "0-1"]
[WhiteElo "2107"]
[BlackElo "2293"]
[PlyCount "62"]
[EventDate "2018.??.??"]

1. f4 c5 2. Nf3 Nc6 3. g3 g6 4. Bg2 Bg7 5. O-O d6 6. d3 Nf6 7. e4 O-O 8. Nc3
Rb8 9. Rb1 b5 10. a3 a5 11. a4 b4 12. Nb5 c4 13. e5 dxe5 14. Nxe5 Nxe5 15. fxe5
Nd5 16. dxc4 Nb6 17. Qe2 Nxa4 18. Rd1 Qb6+ 19. Be3 Qe6 20. Nd4 Qa6 21. Nc6 Rb7
22. Nd8 Rc7 23. Bf2 Bd7 24. Rxd7 Rxd7 25. Nc6 e6 26. Ra1 Nxb2 27. Rxa5 Qxc4 28.
Bf3 Rd1+ 29. Kg2 Qxe2 30. Bxe2 Rd2 31. Bb5 Nd1 0-1

[Event "Eastman Gent Open 2018"]
[Site "KGSRL Gent"]
[Date "2018.07.15"]
[Round "4.11"]
[White "Hamblok, Roel"]
[Black "Willemsma, Abe"]
[Result "1/2-1/2"]
[WhiteElo "2286"]
[BlackElo "2098"]
[PlyCount "75"]
[EventDate "2018.??.??"]

1. Nf3 c5 2. c4 Nc6 3. b3 Nf6 4. Bb2 g6 5. g3 Bg7 6. Bg2 O-O 7. O-O d6 8. Nc3
Bf5 9. Rc1 Qd7 10. Re1 Rac8 11. d4 cxd4 12. Nxd4 Bh3 13. Bh1 Ng4 14. Nd5 e5 15.
Nc2 f5 16. f3 Nf6 17. Nxf6+ Bxf6 18. Ne3 f4 19. Nd5 Bg7 20. Bg2 Be6 21. e3 g5
22. Rc2 Qf7 23. Rd2 fxe3 24. Nxe3 Nd4 25. Bxd4 exd4 26. Nc2 d5 27. Rde2 d3 28.
Rxe6 dxc2 29. Qxc2 dxc4 30. bxc4 b5 31. c5 Bd4+ 32. Kh1 Rxc5 33. Qd3 Bg7 34.
Qd6 Rc2 35. f4 gxf4 36. Be4 fxg3 37. Qxg3 Qxe6 38. Bxc2 1/2-1/2

[Event "Eastman Gent Open 2018"]
[Site "KGSRL Gent"]
[Date "2018.07.15"]
[Round "4.12"]
[White "Muradet Casadevall, Albert"]
[Black "Pienski, Olaf"]
[Result "1/2-1/2"]
[WhiteElo "2148"]
[BlackElo "2089"]
[PlyCount "27"]
[EventDate "2018.??.??"]

1. e4 c5 2. c3 g6 3. Nf3 Nc6 4. h4 d5 5. exd5 Qxd5 6. d4 Bg4 7. Be2 cxd4 8.
cxd4 Bg7 9. Nc3 Qa5 10. Be3 Nf6 11. Qb3 O-O 12. Rd1 Qb4 13. Qxb4 Nxb4 14. O-O
1/2-1/2

[Event "Eastman Gent Open 2018"]
[Site "KGSRL Gent"]
[Date "2018.07.15"]
[Round "4.13"]
[White "Verhaeren, Gertjan"]
[Black "Middelhoven, Hein"]
[Result "1/2-1/2"]
[WhiteElo "2104"]
[BlackElo "2212"]
[PlyCount "38"]
[EventDate "2018.??.??"]

1. Nf3 d5 2. e3 Nf6 3. c4 e6 4. b3 Be7 5. Bb2 O-O 6. Be2 c5 7. cxd5 Nxd5 8. O-O
Bf6 9. Nc3 Nxc3 10. Bxc3 Bxc3 11. dxc3 Qf6 12. Qc2 e5 13. Qe4 Nc6 14. Bb5 Bf5
15. Qh4 Qxh4 16. Nxh4 Ne7 17. Nxf5 Nxf5 18. Rfd1 Rfd8 19. Bd7 g6 1/2-1/2

[Event "Eastman Gent Open 2018"]
[Site "KGSRL Gent"]
[Date "2018.07.16"]
[Round "5.1"]
[White "Moradiabadi, Elshan"]
[Black "Froeyman, Helmut"]
[Result "1-0"]
[WhiteElo "2538"]
[BlackElo "2290"]
[PlyCount "137"]
[EventDate "2018.??.??"]

1. d4 f5 2. g3 Nf6 3. Bg2 e6 4. Nf3 d5 5. O-O Bd6 6. c4 c6 7. b3 Qe7 8. Bb2 b6
9. Qc1 Bb7 10. Ba3 Nbd7 11. Bxd6 Qxd6 12. Nc3 O-O 13. Rd1 Rac8 14. Qb2 Rfd8 15.
Rac1 a5 16. e3 Qe7 17. Ne2 c5 18. Nf4 Ba8 19. Ng5 Nf8 20. dxc5 Rxc5 21. cxd5
Rxc1 22. Qxc1 Bxd5 23. Nxd5 Nxd5 24. Bxd5 Qxg5 25. Bc4 Qe7 26. Rxd8 Qxd8 27.
Qc2 Qf6 28. Qd2 Qe5 29. Qd8 Qe4 30. Qxb6 Qb1+ 31. Kg2 Qe4+ 32. f3 Qe5 33. Qd4
Qc7 34. e4 fxe4 35. Qxe4 Qd6 36. f4 g6 37. a4 Kf7 38. Kh3 h5 39. Qb7+ Kf6 40.
Qa8 Qc5 41. Kg2 Ke7 42. Qe4 Kf6 43. Kf3 Qd6 44. Ke3 Kf7 45. Ke2 Qc5 46. Kd3
Qd6+ 47. Kc2 Qc5 48. Kd3 Qd6+ 49. Qd4 Qb4 50. Qe5 Qb6 51. f5 Qd8+ 52. Kc2 gxf5
53. Qxf5+ Kg7 54. Qxh5 Qb6 55. Qg4+ Kf7 56. Qf4+ Ke7 57. h4 Nd7 58. g4 Qg1 59.
Qg5+ Kd6 60. Qd2+ Ke7 61. Qxa5 Nc5 62. Qc7+ Kf6 63. Qf4+ Ke7 64. Bf1 Nd7 65. h5
Qc5+ 66. Bc4 Qa3 67. Qd4 Qb4 68. h6 Qb8 69. Qg7+ 1-0

[Event "Eastman Gent Open 2018"]
[Site "KGSRL Gent"]
[Date "2018.07.16"]
[Round "5.3"]
[White "Foisor, Sabina"]
[Black "Michiels, Bart"]
[Result "1/2-1/2"]
[WhiteElo "2285"]
[BlackElo "2554"]
[PlyCount "84"]
[EventDate "2018.??.??"]

1. d4 e6 2. c4 d5 3. Nf3 Nf6 4. Bg5 Be7 5. Qc2 Nbd7 6. e3 h6 7. Bh4 c5 8. Nc3
cxd4 9. exd4 dxc4 10. Bxc4 Nb6 11. Bb3 Bd7 12. Ne5 Rc8 13. O-O Nfd5 14. Bxe7
Qxe7 15. Bxd5 Nxd5 16. Qb3 Nxc3 17. bxc3 Rc7 18. f4 O-O 19. Rae1 Qd6 20. Re3
Qd5 21. c4 Qa5 22. h3 Bc8 23. c5 b6 24. c6 Rd8 25. f5 Qd5 26. Qxd5 Rxd5 27. f6
Rxd4 28. Rg3 g6 29. Rxg6+ fxg6 30. f7+ Rxf7 31. Rxf7 Rd5 32. Rxa7 Rxe5 33. Ra8
Kf7 34. Rxc8 Ke7 35. Rb8 Kd6 36. Rxb6 Kc7 37. Ra6 h5 38. Kf2 g5 39. Kf3 Rf5+
40. Ke3 Re5+ 41. Kf3 Rf5+ 42. Ke3 Re5+ 1/2-1/2

[Event "Eastman Gent Open 2018"]
[Site "KGSRL Gent"]
[Date "2018.07.16"]
[Round "5.4"]
[White "Abolianin, Arthur"]
[Black "Epishin, Vladimir"]
[Result "0-1"]
[WhiteElo "2327"]
[BlackElo "2541"]
[PlyCount "50"]
[EventDate "2018.??.??"]

1. g3 d5 2. Bg2 e5 3. Nf3 Nd7 4. O-O c6 5. d3 Ngf6 6. e4 dxe4 7. dxe4 Bc5 8.
Nbd2 O-O 9. a3 a5 10. b3 b6 11. Qe2 Ba6 12. Nc4 Qc7 13. Bb2 Rfe8 14. Bh3 a4 15.
b4 Bf8 16. Rfc1 Rad8 17. Bf1 c5 18. c3 Nb8 19. Qc2 g6 20. Ncxe5 Bxf1 21. Kxf1
Rxe5 22. Nxe5 Qxe5 23. c4 Qe6 24. b5 Nxe4 25. Re1 Qxc4+ 0-1

[Event "Eastman Gent Open 2018"]
[Site "KGSRL Gent"]
[Date "2018.07.16"]
[Round "5.5"]
[White "Lammens, Tim"]
[Black "Sarrau, Jelle"]
[Result "0-1"]
[WhiteElo "2293"]
[BlackElo "2366"]
[PlyCount "74"]
[EventDate "2018.??.??"]

1. Nf3 c5 2. g3 b6 3. e4 Bb7 4. Qe2 g6 5. c3 Bg7 6. Bg2 Nc6 7. O-O e6 8. d4
cxd4 9. cxd4 Nxd4 10. Nxd4 Bxd4 11. Na3 Bg7 12. Nb5 Bc6 13. Nd6+ Kf8 14. e5 Qc7
15. Bf4 Ne7 16. Rac1 h6 17. h4 a5 18. Rfd1 Kg8 19. Be4 Qa7 20. Bxc6 Nxc6 21.
Qe4 Rf8 22. g4 Qb8 23. Rc3 Qd8 24. Bg3 f5 25. gxf5 gxf5 26. Qe3 f4 27. Bxf4
Qxh4 28. Bg3 Qg4 29. Rdc1 Nxe5 30. Rc8 Kh7 31. Rxf8 Rxf8 32. Qxb6 Nf3+ 33. Kg2
Nh4+ 34. Kh2 Bd4 35. Qb7 Rxf2+ 36. Bxf2 Nf3+ 37. Qxf3 Qxf3 0-1

[Event "Eastman Gent Open 2018"]
[Site "KGSRL Gent"]
[Date "2018.07.16"]
[Round "5.6"]
[White "Dauw, Sterre"]
[Black "Zhurov, Sergey"]
[Result "1/2-1/2"]
[WhiteElo "2192"]
[BlackElo "2312"]
[PlyCount "40"]
[EventDate "2018.??.??"]

1. e4 e5 2. Nf3 Nc6 3. Bb5 Nf6 4. O-O Nxe4 5. Re1 Nd6 6. Nxe5 Be7 7. Bf1 Nf5 8.
c3 O-O 9. d4 Nxe5 10. Rxe5 d6 11. Re1 d5 12. Bf4 Bd6 13. Bxd6 Nxd6 14. Bd3 Qh4
15. Qf3 c6 16. Nd2 Qg4 17. Re3 Qxf3 18. Nxf3 Bf5 19. Bxf5 Nxf5 20. Re5 Nd6
1/2-1/2

[Event "Eastman Gent Open 2018"]
[Site "KGSRL Gent"]
[Date "2018.07.16"]
[Round "5.7"]
[White "Willemsma, Abe"]
[Black "Venkataraman, Karthik"]
[Result "0-1"]
[WhiteElo "2098"]
[BlackElo "2514"]
[PlyCount "68"]
[EventDate "2018.??.??"]

1. e4 c5 2. Nf3 d6 3. d4 Nf6 4. Nc3 cxd4 5. Nxd4 a6 6. a3 e6 7. Be2 Be7 8. O-O
O-O 9. Be3 Nc6 10. Qd2 Bd7 11. Kh1 Nxd4 12. Bxd4 Bc6 13. Qe3 b5 14. Rad1 Qb8
15. e5 dxe5 16. Bxe5 Qb7 17. Qg3 a5 18. Rd4 b4 19. axb4 axb4 20. Nd1 Rfd8 21.
Ne3 Rxd4 22. Bxd4 Rd8 23. Be5 Bb5 24. Bf3 Qc8 25. Ra1 Ne8 26. h4 Qc5 27. Be4 f6
28. Bb8 Qd4 29. Ra5 Qb6 30. Ra8 Qd4 31. Ra5 Be2 32. Bc7 Rc8 33. Ra8 Rxa8 34.
Bxa8 Qa7 0-1

[Event "Eastman Gent Open 2018"]
[Site "KGSRL Gent"]
[Date "2018.07.16"]
[Round "5.8"]
[White "Arman, Deniz"]
[Black "De Wolf, Johan"]
[Result "1-0"]
[WhiteElo "2366"]
[BlackElo "2075"]
[PlyCount "73"]
[EventDate "2018.??.??"]

1. e4 d5 2. exd5 Nf6 3. Bb5+ Bd7 4. Be2 Nxd5 5. d4 Bf5 6. a3 e6 7. c4 Nf6 8.
Be3 c6 9. Nc3 Be7 10. Bf3 O-O 11. g4 Bg6 12. h4 Nxg4 13. Bxg4 f5 14. h5 Be8 15.
Bf3 f4 16. Bc1 e5 17. d5 Qb6 18. b4 Nd7 19. d6 Bd8 20. c5 Nxc5 21. bxc5 Qxc5
22. Qb3+ Bf7 23. Qb4 Qd4 24. Qxd4 exd4 25. Nce2 d3 26. Rb1 dxe2 27. Rxb7 Re8
28. Nxe2 Bc4 29. Rg1 Bf6 30. Bxf4 Rab8 31. d7 Rxe2+ 32. Bxe2 Rxb7 33. Bxc4+ Kh8
34. Rg3 Rxd7 35. Rb3 g5 36. hxg6 hxg6 37. Rh3+ 1-0

[Event "Eastman Gent Open 2018"]
[Site "KGSRL Gent"]
[Date "2018.07.16"]
[Round "5.9"]
[White "Kett, Tim"]
[Black "van Leusden, Dennis"]
[Result "1-0"]
[WhiteElo "2231"]
[BlackElo "2012"]
[PlyCount "77"]
[EventDate "2018.??.??"]

1. d4 Nf6 2. Nf3 e6 3. Bg5 c5 4. e3 d5 5. c4 cxd4 6. exd4 Qa5+ 7. Bd2 Bb4 8.
Nc3 Ne4 9. Nxe4 dxe4 10. a3 Bxd2+ 11. Qxd2 Qxd2+ 12. Nxd2 Nc6 13. Nb3 b6 14.
O-O-O O-O 15. Be2 Bb7 16. Rhe1 Rac8 17. Bf1 Ne7 18. Kb1 Rfd8 19. a4 Bc6 20. a5
Ba4 21. Ka2 Nc6 22. axb6 Bxb3+ 23. Kxb3 Nxd4+ 24. Kc3 e5 25. bxa7 Nb5+ 26. Kc2
Nd4+ 27. Kb1 f5 28. Re3 Ra8 29. Ra3 Rd7 30. c5 Rdxa7 31. Rxa7 Rxa7 32. Rd2 Rb7
33. Ba6 Rb4 34. Rxd4 Rxd4 35. c6 Rd1+ 36. Kc2 Rd6 37. Bb7 Rd4 38. Kb3 Rd3+ 39.
Ka2 1-0